In a forgotten place /

Two fourth graders discover near their town a fifteen hundred-year-old wizard who has the power to grant their wishes.

Bibliographic Details
Main Author: Orgel, Doris, 1929-
Other Authors: McMullan, James
Format: Book
Language:English
Published: New York : Knopf, [1967]
Subjects:

MARC

Tag First Indicator Second Indicator Subfields
LEADER 00000cam a22000001a 4500
001 in00000641908
005 20151015054540.0
008 740123s1967 nyua j 00011 engm
010 |a ac 67010569  
035 |a (OCoLC)00995843 
035 |9 ACU8695AM 
040 |a DLC  |c DLC  |d m.c.  |d TXA  |d UtOrBLW 
049 |a [Curr Col] TXAM  |c [386635] 
050 0 0 |a PZ7.O632  |b In 
082 0 |a Fic 
100 1 |a Orgel, Doris,  |d 1929- 
245 1 0 |a In a forgotten place /  |c by Doris Orgel ; illustrated by James McMullan. 
264 1 |a New York :  |b Knopf,  |c [1967] 
264 4 |c ©1967 
300 |a 144 pages :  |b illustrations ;  |c 21 cm. 
336 |a text  |b txt  |2 rdacontent 
337 |a unmediated  |b n  |2 rdamedia 
338 |a volume  |b nc  |2 rdacarrier 
520 |a Two fourth graders discover near their town a fifteen hundred-year-old wizard who has the power to grant their wishes. 
650 0 |a Fantasy. 
700 1 |a McMullan, James. 
999 |a MARS 
999 f f |s 963e9282-4faf-3807-a3e5-7001d3bdd65f  |i 7a6268df-5aeb-3979-97db-bdba7a844091  |t 0 
952 f f |p normal  |a Texas A&M University  |b College Station  |c Sterling C. Evans Library  |d Evans: Curriculum Collection (4th floor)  |t 0  |e PZ7.O632 In  |h Library of Congress classification  |i unmediated -- volume  |m A14800243702 
998 f f |a PZ7.O632 In  |t 0  |l Evans: Curriculum Collection (4th floor)